Intermetallic Compound (Record no. 14934)

MARC details
000 -LEADER
fixed length control field 01209nam a2200121Ia 4500
008 - FIXED-LENGTH DATA ELEMENTS--GENERAL INFORMATION
fixed length control field 220615s9999||||xx |||||||||||||| ||und||
245 #0 - TITLE STATEMENT
Title Intermetallic Compound
546 ## - LANGUAGE NOTE
Language note English[eng]
650 ## - SUBJECT ADDED ENTRY--TOPICAL TERM
Topical term or geographic name entry element Ti3SiC2||intermetallic compound||porous material||mechanical property||pore size||elastic modulus||Al-rich alloy||hydrogen generation||Zn addition||Ga2O3||flux||Zn-Al filler metal||wettability||spreadability||magnetocaloric effect||support vector regression||extreme learning machine||maximum magnetic entropy change||gravitational search algorithm||GaF3||CsF-AlF3 flux||R-Fe-B intermetallics||cerium||permanent magnets||simulation||magnetic anisotropy constant||hysteresis loop||coercive force||residual magnetization||X-ray diffraction||perovskites manganites||AC magnetic susceptibility||ZnF2||Zn(BF4)2||mechanical properties||MgTiO3||geikielite||high-temperature X-ray diffraction||sol-gel technique||thermal expansion||magnesium–zinc–neodymium master alloy||Mg–Zn–Nd||magnesium master alloy||magnesium||rare-earth metals||master alloy synthesis||metallothermic reduction||n/a
700 ## - ADDED ENTRY--PERSONAL NAME
Personal name Ćwik, Jacek
856 ## - ELECTRONIC LOCATION AND ACCESS
Uniform Resource Identifier <a href="https://mdpi.com/books/pdfview/book/3427">https://mdpi.com/books/pdfview/book/3427</a>
942 ## - ADDED ENTRY ELEMENTS (KOHA)
Koha item type E-Books
Holdings
Withdrawn status Lost status Damaged status Not for loan Home library Current library Date acquired Total Checkouts Date last seen Price effective from Koha item type
        Kerala University of Digital Sciences, Innovation and Technology Knowledge Centre Kerala University of Digital Sciences, Innovation and Technology Knowledge Centre 15/06/2022   15/06/2022 15/06/2022 E-Books